Khusroo dosron ki nazar mein = خسرو دوسروں کی نظر میں / (Record no. 127602)
[ view plain ]
| 000 -LEADER | |
|---|---|
| fixed length control field | 00454nam a2200133 4500 |
| 005 - DATE AND TIME OF LATEST TRANSACTION | |
| control field | 20220805105757.0 |
| 008 - FIXED-LENGTH DATA ELEMENTS--GENERAL INFORMATION | |
| fixed length control field | 220805b ||||| |||| 00| 0 eng d |
| 040 ## - CATALOGING SOURCE | |
| Transcribing agency | PK-LaUMT |
| 082 ## - DEWEY DECIMAL CLASSIFICATION NUMBER | |
| Classification number | APC 297.4092 |
| Item number | KHU- |
| 245 ## - TITLE STATEMENT | |
| Title | Khusroo dosron ki nazar mein = خسرو دوسروں کی نظر میں / |
| Statement of responsibility, etc | compiled by Iqbal Salahuddin = مرتبہ : تاقبال صلاح الدین |
| 260 ## - PUBLICATION, DISTRIBUTION, ETC. (IMPRINT) | |
| Place of publication, distribution, etc | Lahore : |
| Name of publisher, distributor, etc | Izhar Sons, |
| Date of publication, distribution, etc | 1970 |
| 300 ## - PHYSICAL DESCRIPTION | |
| Extent | 135 p. |
| 942 ## - ADDED ENTRY ELEMENTS (KOHA) | |
| Koha item type | Books |
| Withdrawn status | Lost status | Damaged status | Home library | Current library | Date acquired | Full call number | Barcode | Date last seen | Price effective from | Koha item type |
|---|---|---|---|---|---|---|---|---|---|---|
| UMT Main Campus | UMT Main Campus | 2022-08-05 | APC 297.4092 KHU- | 143376 | 2022-08-05 | 2022-08-05 | Books |
